000 00274nam a22001217a 4500
020 _a9781119666134
040 _cNUST IESE
082 _2SIXTH
_a338.5
245 _aMICROECONOMICS
260 _aCHICAGO
_bLise Johson
_c2020
300 _a772
942 _2ddc
_cBK
_eSIXTH
_k338.5
999 _c594589
_d594589